000 01162nam a2200289 a 4500
001 59571
003 BD-RjUL
005 20211209080739.0
008 161226s1932 mdua o 000 0 eng d
035 _aBD-RjUL59695
035 _a(OCoLC)555198225
040 _aOCLCE
_beng
_cOCLCE
_dOCLCQ
041 _aeng
082 0 4 _a651.5
_223
_bCAP 1932
100 1 _aCadwallader, Laura H.
_q(Laura Hanes),
_d1870-1932.
_9177197
245 1 0 _aPrinciples of indexing and filing /
_cby Laura H. Cadwallader [and] S. Ada Rice.
260 _aBaltimore;
_aChicago :
_bH.M. Rowe Co.,
_c1932.
300 _a146 p. ;
_c21 cm
506 _3Use copy
_fRestrictions unspecified
_2star
_5MiAaHDL
650 0 _aIndexing.
_9177198
650 0 _aFiling systems.
_9177199
700 1 _aRice, S. Ada
_q(Sarah Ada),
_d1893-
_ejoint author.
_9177200
776 0 8 _iPrint version:
_aCadwallader, Laura H. (Laura Hanes), 1870-1932.
_tPrinciples of indexing and filing.
_dBaltimore, Chicago, H.M. Rowe Co., 1932
_w(DLC) 32002548
_w(OCoLC)3250218
856 4 0 _3HathiTrust Digital Library
_uhttp://catalog.hathitrust.org/api/volumes/oclc/3250218.html
942 _2ddc
_cBK
999 _c59571
_d59571